| 000 | 00615nam a22001817a 4500 | ||
|---|---|---|---|
| 005 | 20260107121942.0 | ||
| 008 | 260107b |||||||| |||| 00| 0 eng d | ||
| 037 | _cTB | ||
| 040 |
_aAL _cAL |
||
| 084 | _qAL | ||
| 100 |
_aअलीम, अब्दुल _9862543 |
||
| 245 | _aनजीर अकबरवादी और उनकी विचारधारा | ||
| 260 |
_a दिल्ली, भारत: _bवाणी प्रकाशन, _c1992. |
||
| 300 | _a192 p. | ||
| 365 |
_b65.00 _cINR |
||
| 942 |
_2CC _cTB _n0 |
||
| 999 |
_c1467108 _d1467108 |
||